000 01053cam a22002654a 4500
999 _c17449
_d17449
001 13643020
003 OSt
005 20161126101605.0
008 040701s2005 ohua 001 0 eng
010 _a 2004056093
020 _a158180587X (pbk. : alk. paper)
040 _aDLC
_cDLC
042 _apcc
050 0 0 _aNC890
_b.H28 2005
082 0 0 _a741.2/4
_222
100 1 _aHammond, Lee,
_d1957-
245 1 0 _aLifelike drawing with Lee Hammond /
_cLee Hammond.
250 _a1st ed.
260 _aCincinati, Ohio :
_bNorth Light Books,
_cc2005.
300 _a159 p. :
_bill. ;
_c28 cm.
500 _aIncludes index.
650 0 _aPencil drawing
_xTechnique.
906 _a7
_bcbc
_corignew
_d1
_eocip
_f20
_gy-gencatlg
942 _2lcc
_cBOOKS
_hNC 890 .H28 2005